书目信息 |
| 题名: |
播音主持艺术
|
|
| 作者: | ;中国传媒大学 , 中国广播电视协会 编 | |
| 分册: | 8 | |
| 出版信息: | 北京 中国传媒大学出版社 2008.05 |
|
| 页数: | 277页 | |
| 开本: | 21cm | |
| 丛书名: | ||
| 单 册: | ||
| 中图分类: | G222.2-53 | |
| 科图分类: | ||
| 主题词: | 播音--bo yin--语言艺术--文集 , 广播节目--guang bo jie mu--主持人--工作--文集 | |
| 电子资源: | ||
| ISBN: | 978-7-81127-173-7 | |
| 000 | 01113nam0 2200253 450 | |
| 001 | 012008460655 | |
| 005 | 20080509094100.51 | |
| 010 | @a978-7-81127-173-7@dCNY28.00 | |
| 100 | @a20080507d2008 em y0chiy0120 ea | |
| 101 | 0 | @achi |
| 102 | @aCN@b110000 | |
| 105 | @ay z 000yy | |
| 106 | @ar | |
| 200 | 1 | @a播音主持艺术@Abo yin zhu chi yi shu@h8@f中国传媒大学播音主持艺术学院, 中国广播电视协会播音主持委员会编@Fzhong guo chuan mei da xue bo yin zhu chi yi shu xue yuan,zhong guo guang bo dian shi xie hui bo yin zhu chi wei yuan hui bian |
| 210 | @a北京@c中国传媒大学出版社@d2008.05 | |
| 215 | @a277页@d21cm | |
| 330 | @a本书内容包括:忆播《对台湾广播》,半世佳音 和谐之声,蕴情于声 声情并茂,播音嗓音教学方法论,论语方的“真”等。 | |
| 606 | 0 | @a播音@Abo yin@x语言艺术@j文集 |
| 606 | 0 | @a广播节目@Aguang bo jie mu@x主持人@x工作@j文集 |
| 690 | @aG222.2-53@v4 | |
| 711 | 02 | @a中国传媒大学@Azhong guo chuan mei da xue@b播音主持艺术学院@4编 |
| 711 | 02 | @a中国广播电视协会@Azhong guo guang bo dian shi xie hui@b播音主持委员会@4编 |
| 801 | 0 | @aCN@bQSSK@c20080509 |
| 905 | @b706288-90@dG222.2-53@eZ550:8@f3 | |
| 播音主持艺术.8/中国传媒大学播音主持艺术学院, 中国广播电视协会播音主持委员会编.-北京:中国传媒大学出版社,2008.05 |
| 277页;21cm |
| ISBN 978-7-81127-173-7:CNY28.00 |
| 本书内容包括:忆播《对台湾广播》,半世佳音 和谐之声,蕴情于声 声情并茂,播音嗓音教学方法论,论语方的“真”等。 |
| ● |
| 相关链接 |
|
|
|
正题名:播音主持艺术
索取号:G222.2-53/Z550:8
 
预约/预借
| 序号 | 登录号 | 条形码 | 馆藏地/架位号 | 状态 | 备注 |
| 1 | 706288 | 207062881 | 社科库409/409社科库 58排2列4层/ [索取号:G222.2-53/Z550:8] | 在馆 | |
| 2 | 706289 | 207062890 | 社科库409/409社科库 58排2列4层/ [索取号:G222.2-53/Z550:8] | 在馆 | |
| 3 | 706290 | 207062907 | 社科库409/409社科库 58排2列4层/ [索取号:G222.2-53/Z550:8] | 在馆 |